| 000 | 00589nam a22001937a 4500 | ||
|---|---|---|---|
| 003 | OSt | ||
| 005 | 20220531084008.0 | ||
| 007 | ta | ||
| 008 | 210114e2017 dr ||||| |||| 00| f spa d | ||
| 040 |
_aDO-SdBNP _bspa _cBNPHU |
||
| 041 | _hspa | ||
| 082 |
_aBNPHU- xxxx _bC413h |
||
| 100 |
_aCerda , Nelson _952466 |
||
| 245 |
_aHéroes del abarrio / _cCarlos de la Rosa, diagramación. |
||
| 260 |
_aSantiago de los Caballeros, República Dominicana : _bNuevos Ciudadanos , _c2017 |
||
| 300 |
_a158 pg. ; _c20 cm |
||
| 700 |
_a Rosa , Carlos , de la, _ediagramación. _977686 |
||
| 942 |
_2ddc _cLBS1 |
||
| 999 |
_c49326 _d49326 |
||